000 00213nam a22001097a 4500
082 _aHOL
100 _aHolman
245 _aScience Green
260 _aLondon
_bMcGraw Hill
_c1974
300 _a374
942 _cBK
999 _c12538
_d12538